Beruházás, termelés Csongrád megyében a KSH megyei igazgatóságának összegzéséből

Elmentve itt :
Bibliográfiai részletek
Dokumentumtípus: Cikk
Megjelent: 1981-08-09
Sorozat:Délmagyarország 71 No. 186
Kulcsszavak:Csongrád megye, Ipar Csongrád megye, Statisztika Csongrád megye
Online Access:http://dmarchiv.bibl.u-szeged.hu/86089
LEADER 00518nab a2200145 i 4500
001 delm86089
005 20190617141922.0
008 190617s1981 hu o 0|| hun d
040 |a SZTE Délmagyarország Archívum  |b hun 
041 |a hun 
245 0 0 |a Beruházás, termelés Csongrád megyében   |h [elektronikus dokumentum] :  |b a KSH megyei igazgatóságának összegzéséből 
260 |c 1981-08-09 
300 |a 1 
490 0 |a Délmagyarország  |v 71 No. 186 
695 |a Csongrád megye, Ipar Csongrád megye, Statisztika Csongrád megye